000 00443nam a2200181Ia 4500
001 2956
005 20260306144845.0
008 260306t2003||||xx |||||||||||||| ||spa||
041 _aESP
082 _a234.91
_bS719
100 _aSayés, José Antonio
_eAUT
245 0 _aLa iglesia de cristo:
_bCurso de eclesiología
260 _c2003
300 _a573 páginas :
_c21 cm.
650 _aGEN
654 _aCHU
942 _cLIB
_dJUS
_fJUS
_2ddc
_n
999 _c2956
_d2956